000
00271nam a22001217a 4500
041
_a
ENG
100
_a
Rirzema. H.P
245
_a
Drainage principles And Applications
260
_a
New York
_b
Ilri
_c
2006
300
_a
1125
650
_a
IDE
856
_u
Not to be Issued
999
_c
2543
_d
2543